Sistema de bienes raices y desarrollo / (Registro nro. 7768)
[ vista simple ]
| 000 -LIDER | |
|---|---|
| fixed length control field | 00685nam a2200241 u 4500 |
| 001 - NÚMERO DE CONTROL | |
| Identificador de número de control | 000020463 |
| 003 - IDENTIFICACDOR DE NÚMERO DE CONTROL | |
| control field | DO-SdBNP |
| 005 - DATE AND TIME OF LATEST TRANSACTION | |
| control field | 20171107113204.0 |
| 007 - CAMPOS FIJOS DE DESCRIPCIÓN FÍSICA | |
| fixed length control field | 000020463 |
| 008 - ELEMENTOS DE LONGITUD FIJA | |
| fixed length control field | 100809s1997 dr r 000 0 spa d |
| 040 ## - FUENTE DE CATALOGACIÓN | |
| Agencia que crea de manera original el registro | BPMET |
| Idioma de catalogación | spa |
| Agencia que realiza la transcripción | BPMET |
| 092 ## - LOCALLY ASSIGNED DEWEY DECIMAL CALL NUMBER | |
| Número de clasificación | 658.401 |
| Número de ítem (Cutter) | R514s |
| 100 1# - ASIENTO PRINCIPAL -- NOMBRE PERSONAL | |
| Nombre personal | Richards, William |
| 245 10 - MENCIÓN DE TITULO | |
| Título | Sistema de bienes raices y desarrollo / |
| Mención de responsabilidad | William Richards. |
| 260 ## - PUBLICACIÓN, DISTRIBUCIÓN, ETC. (PIE DE IMPRENTA) | |
| Lugar de publicación, distribución, etc | Santo Domingo : |
| Nombre del editor, distribuidor, etc. | Contacompu , |
| Fecha de publicación, distribución, etc | 1997. |
| 300 ## - DESCRIPCIÓN FÍSICA | |
| Extensión | 209 p. : |
| Otros detalles físicos | il. ; |
| Dimensiones | 23 cm. |
| 650 #4 - ENCABEZAMIENTO DE MATERIA--TEMÁTICO | |
| Término temático o nombre geográfico como elemento de entrada | BIENES RAICES |
| 650 #4 - ENCABEZAMIENTO DE MATERIA--TEMÁTICO | |
| Término temático o nombre geográfico como elemento de entrada | PLANIFICACIÓN EMPRESARIAL |
| 942 ## - ADDED ENTRY ELEMENTS (KOHA) | |
| Source of classification or shelving scheme | Dewey Decimal Classification |
| Koha item type | Libros |
| 945 ## - INFORMACIÓN DE PROCESAMIENTO LOCAL | |
| Información de procesamiento local | Inventariado / 2017 VM |
| 956 ## - LOCAL ELECTRONIC LOCATION AND ACCESS (OCLC) | |
| Nombre de host | |
| Número de acceso | |
| Información de compresión | |
| Inicio de sesión | |
| Procesador de solicitud | |
| 956 ## - LOCAL ELECTRONIC LOCATION AND ACCESS (OCLC) | |
| Nombre de host | VMATEO |
| Número de acceso | 10 |
| Información de compresión | 20150501 |
| Inicio de sesión | BPMSU |
| Procesador de solicitud | 00151 |
| Withdrawn status | Lost status | Source of classification or shelving scheme | Damaged status | Not for loan | Collection code | Home library | Current library | Date acquired | Total Checkouts | Barcode | Date last seen | Price effective from | Koha item type | Copy number |
|---|---|---|---|---|---|---|---|---|---|---|---|---|---|---|
| Dewey Decimal Classification | Colección Dominicana | Biblioteca Pública Metropolitana Salomé Ureña | Biblioteca Pública Metropolitana Salomé Ureña | 05/01/2015 | BPMSU15051540 | 05/01/2015 | 05/01/2015 | Libros | ||||||
| Dewey Decimal Classification | Colección Dominicana | Biblioteca Pública Metropolitana Salomé Ureña | Biblioteca Pública Metropolitana Salomé Ureña | 11/07/2017 | BPMSU17110051 | 11/07/2017 | 11/07/2017 | Libros | e. 2 |